[Event "XIV Festival Conca della Presolana Magistrale"]
[Site "Bratto - Castione della Presolana ITA"]
[Date "1994.08.26"]
[Round "6"]
[White "Gaido, Paolo"]
[Black "Oppici, Gabriele"]
[Result "1-0"]
[WhiteElo "2095"]
[BlackElo "2005"]
[PlyCount "71"]
[EventDate "1994.08.21"]

1. Nf3 d6 2. d4 Nf6 3. c4 Nc6 4. g3 Bg4 5. Bg2 Qc8 6. h3 Bf5 7. Nc3 e5 8. d5
Ne7 9. Nh4 Bd7 10. e4 Ng6 11. Nxg6 hxg6 12. g4 Be7 13. Be3 Nh7 14. Qd2 f5 15.
gxf5 gxf5 16. exf5 Bxf5 17. O-O-O Nf6 18. f4 exf4 19. Bxf4 Qd7 20. Rde1 O-O-O
21. Qe3 Rde8 22. Qxa7 Kd8 23. Qxb7 Rh4 24. Bg3 Rxc4 25. Bf1 Rxc3+ 26. bxc3 Qa4
27. Qb8+ Bc8 28. Qb3 Qa5 29. Bb5 Nxd5 30. Bxe8 Bg5+ 31. Kb2 Bf6 32. Rhf1 Bxc3+
33. Kb1 Bb4 34. Bh4+ Nf6 35. Rxf6 Bxe1 36. Rxd6+ 1-0

[Event "XIV Festival Conca della Presolana Magistrale"]
[Site "Bratto - Castione della Presolana ITA"]
[Date "1994.08.26"]
[Round "6"]
[White "Lanzani, Mario"]
[Black "Campini, Marco"]
[Result "1/2-1/2"]
[WhiteElo "2320"]
[BlackElo "2060"]
[PlyCount "115"]
[EventDate "1994.08.21"]

1. e4 c5 2. Nf3 d6 3. d4 cxd4 4. Nxd4 Nf6 5. Nc3 a6 6. Bc4 Qc7 7. Bb3 e6 8. f4
Nc6 9. Be3 b5 10. f5 Nxd4 11. Bxd4 Be7 12. fxe6 fxe6 13. Qf3 O-O 14. Qh3 b4 15.
Na4 Kh8 16. Nb6 e5 17. Nxc8 Raxc8 18. Be3 Nxe4 19. O-O-O Nf2 20. Bxf2 Rxf2 21.
Kb1 a5 22. Rhf1 Rcf8 23. Rxf2 Rxf2 24. Qe6 Rf8 25. a4 bxa3 26. bxa3 e4 27. Qxe4
Bf6 28. Qd3 Be5 29. Rf1 Rb8 30. a4 Qc5 31. Qb5 Qxb5 32. axb5 Bxh2 33. Rf7 g6
34. c4 d5 35. Ra7 dxc4 36. Bxc4 Rc8 37. Be6 Re8 38. Bd5 Re5 39. Bc6 Re1+ 40.
Kc2 Re2+ 41. Kb3 h5 42. Rxa5 Bg1 43. Ra8+ Kg7 44. Rb8 Re1 45. Kc4 Rc1+ 46. Kd5
Kf6 47. Rf8+ Ke7 48. Re8+ Kf7 49. Re2 Rc5+ 50. Kd6 Rc3 51. Be8+ Kg7 52. Bc6 g5
53. Kc7 Rb3 54. Ra2 Kf6 55. Ra6 Ke5 56. b6 Bxb6+ 57. Rxb6 Rxb6 58. Kxb6 1/2-1/2

[Event "XIV Festival Conca della Presolana Magistrale"]
[Site "Bratto - Castione della Presolana ITA"]
[Date "1994.08.26"]
[Round "6"]
[White "Marchini, Massimo"]
[Black "Moncelli, Giorgio"]
[Result "1-0"]
[WhiteElo "2175"]
[BlackElo "2011"]
[PlyCount "119"]
[EventDate "1994.08.21"]

1. Nf3 c5 2. c4 Nc6 3. d4 cxd4 4. Nxd4 Nf6 5. Nc3 g6 6. g3 Bg7 7. Bg2 O-O 8.
Nc2 d6 9. O-O Bd7 10. b3 a6 11. Bb2 Rb8 12. Qd2 b5 13. cxb5 axb5 14. Rfd1 Ne5
15. Nb4 Re8 16. Rac1 Rc8 17. Ncd5 Nxd5 18. Nxd5 e6 19. Nb4 Rxc1 20. Rxc1 d5 21.
e4 Qa5 22. a3 d4 23. Rd1 Nc6 24. Nxc6 Qxd2 25. Rxd2 Bxc6 26. Bxd4 Bf8 27. b4
Rd8 28. Bc3 Ra8 29. Bb2 e5 30. Rc2 Bd7 31. f4 exf4 32. gxf4 Bh6 33. Bc1 Be6 34.
Kf2 Rd8 35. Bf1 Rb8 36. Be3 Bg7 37. Rc5 Bd7 38. e5 Bf8 39. Rc7 Be6 40. Rc3 Be7
41. Bc5 Bh4+ 42. Ke3 Bd7 43. Bg2 Be6 44. Bd6 Rd8 45. Rc5 Bd7 46. Rc7 Be8 47.
Bd5 Bd7 48. Ra7 h5 49. Bb3 Be8 50. a4 bxa4 51. Bxa4 Bxa4 52. Rxa4 Rc8 53. Bc5
Rc7 54. Ra8+ Kg7 55. Ra7 Rc6 56. Ke4 Be1 57. Kd5 Re6 58. b5 Bd2 59. Ra4 Re8 60.
b6 1-0

[Event "XIV Festival Conca della Presolana Magistrale"]
[Site "Bratto - Castione della Presolana ITA"]
[Date "1994.08.26"]
[Round "6"]
[White "Nurkic, Sahbaz"]
[Black "Profumo, Alberto"]
[Result "1-0"]
[WhiteElo "2415"]
[BlackElo "2106"]
[PlyCount "75"]
[EventDate "1994.08.21"]

1. e4 c6 2. d4 d5 3. e5 Bf5 4. Ne2 e6 5. Nf4 c5 6. Bd3 Bxd3 7. Nxd3 cxd4 8. O-O
Nc6 9. Qe2 Nge7 10. b4 h5 11. a4 Nf5 12. Bd2 Be7 13. Na3 g6 14. g3 Kf8 15. a5
a6 16. Rfb1 Na7 17. h3 Kg7 18. Rb3 Rc8 19. Nc5 Rc7 20. g4 hxg4 21. hxg4 Nh4 22.
f4 Rh7 23. Rh3 Qh8 24. Kf2 g5 25. Rah1 gxf4 26. Bxf4 Nc6 27. Nd3 Qc8 28. g5
Nxb4 29. Rxh4 Rxh4 30. Rxh4 Nxd3+ 31. Qxd3 Bxa3 32. Rh7+ Kg8 33. g6 Rxc2+ 34.
Kg3 f5 35. exf6 Qc3 36. f7+ Kf8 37. Bh6+ Ke7 38. f8=Q# 1-0

[Event "XIV Festival Conca della Presolana Magistrale"]
[Site "Bratto - Castione della Presolana ITA"]
[Date "1994.08.26"]
[Round "6"]
[White "Pagnoncelli, Marco"]
[Black "Amedeo, Riccardo"]
[Result "1/2-1/2"]
[WhiteElo "1900"]
[BlackElo "1876"]
[PlyCount "97"]
[EventDate "1994.08.21"]

1. e4 c5 2. Nf3 e6 3. d4 cxd4 4. Nxd4 Nc6 5. Nc3 d6 6. Be2 Nf6 7. O-O Be7 8.
Be3 O-O 9. Qd2 Qc7 10. Rad1 a6 11. a4 Na5 12. f3 Rd8 13. Kh1 e5 14. Nb3 Nxb3
15. cxb3 Be6 16. Rc1 Qd7 17. Bc4 Rac8 18. Nd5 Nxd5 19. Bxd5 Rxc1 20. Rxc1 Rc8
21. Qd3 Rxc1+ 22. Bxc1 Bxd5 23. Qxd5 Qc6 24. Qc4 g6 25. Be3 Bd8 26. g3 Kg7 27.
Kg2 Qd7 28. Qd5 Qc7 29. Qc4 Qa5 30. Qc3 Bb6 31. Qxa5 Bxa5 32. Kf2 Kf6 33. Ke2
Ke6 34. Kd3 d5 35. Bc5 d4 36. Bf8 Bd8 37. Bb4 Bg5 38. Be1 Be3 39. Kc2 Bg1 40.
h3 Be3 41. Kd3 h5 42. Kc2 Kf6 43. Kd3 Ke6 44. Kc2 f5 45. Kd3 g5 46. g4 hxg4 47.
hxg4 fxg4 48. fxg4 Kd6 49. Bb4+ 1/2-1/2

[Event "XIV Festival Conca della Presolana Magistrale"]
[Site "Bratto - Castione della Presolana ITA"]
[Date "1994.08.26"]
[Round "6"]
[White "Perissinotto, Claudio"]
[Black "Imbrogno, Rinaldo"]
[Result "1/2-1/2"]
[WhiteElo "2083"]
[BlackElo "1902"]
[PlyCount "90"]
[EventDate "1994.08.21"]

1. e4 d6 2. d4 Nf6 3. Nc3 c6 4. f4 Qa5 5. Bd3 e5 6. Nf3 Bg4 7. dxe5 dxe5 8. O-O
exf4 9. Bxf4 Nbd7 10. Kh1 Bxf3 11. Qxf3 Ne5 12. Qh3 Nfd7 13. Rad1 Be7 14. Bc4
Bf6 15. Qf5 Rd8 16. b4 Qc7 17. Nb5 cxb5 18. Bxb5 O-O 19. Rxd7 Rxd7 20. Bxe5
Qxe5 21. Qxe5 Bxe5 22. Bxd7 Rd8 23. Ba4 Kf8 24. Bb3 f6 25. Bd5 b5 26. Rd1 Ke7
27. Rd3 Rc8 28. Bb3 Rc3 29. Rd5 Re3 30. g3 a6 31. a4 bxa4 32. Bxa4 Rxe4 33.
Rd7+ Kf8 34. Bb3 g5 35. Rxh7 Rxb4 36. Ra7 Rb6 37. Kg2 Rd6 38. Kf3 Rd2 39. h4
gxh4 40. gxh4 Rh2 41. Kg4 Rg2+ 42. Kf5 Rh2 43. Rf7+ Ke8 44. Ke6 Kd8 45. Ra7
Rxh4 1/2-1/2

[Event "XIV Festival Conca della Presolana Magistrale"]
[Site "Bratto - Castione della Presolana ITA"]
[Date "1994.08.26"]
[Round "6"]
[White "Righi, Ezio"]
[Black "Gerundino, Nicola"]
[Result "1-0"]
[WhiteElo "2210"]
[BlackElo "1909"]
[PlyCount "37"]
[EventDate "1994.08.21"]

1. e4 c5 2. Nf3 Nc6 3. d4 cxd4 4. Nxd4 Nf6 5. Nc3 e5 6. Ndb5 d6 7. Bg5 a6 8.
Na3 b5 9. Bxf6 gxf6 10. Nd5 f5 11. Bd3 Be6 12. c4 bxc4 13. Nxc4 Nd4 14. Ncb6
Bxd5 15. Nxd5 Bg7 16. Qa4+ Kf8 17. exf5 Qg5 18. Qd7 Rd8 19. h4 1-0

[Event "XIV Festival Conca della Presolana Magistrale"]
[Site "Bratto - Castione della Presolana ITA"]
[Date "1994.08.27"]
[Round "7"]
[White "Bascetta, Biagio"]
[Black "Pagnoncelli, Marco"]
[Result "1-0"]
[WhiteElo "1902"]
[BlackElo "1900"]
[PlyCount "37"]
[EventDate "1994.08.21"]

1. d4 Nf6 2. Bg5 Ne4 3. Bh4 g5 4. f3 gxh4 5. fxe4 c5 6. e3 Qb6 7. Nc3 Bh6 8.
Nd5 Qa5+ 9. c3 d6 10. b4 Qd8 11. Qh5 Bg7 12. Nf3 e6 13. Ng5 Rf8 14. Bb5+ Nc6
15. O-O Qd7 16. Rxf7 Rxf7 17. Rf1 exd5 18. Rxf7 Qg4 19. Rf8+ 1-0

[Event "XIV Festival Conca della Presolana Magistrale"]
[Site "Bratto - Castione della Presolana ITA"]
[Date "1994.08.27"]
[Round "7"]
[White "Belotti, Bruno"]
[Black "Nurkic, Sahbaz"]
[Result "1-0"]
[WhiteElo "2455"]
[BlackElo "2415"]
[PlyCount "125"]
[EventDate "1994.08.21"]

1. e4 c5 2. Nf3 Nc6 3. d4 cxd4 4. Nxd4 Nf6 5. Nc3 e5 6. Ndb5 d6 7. Bg5 a6 8.
Na3 b5 9. Nd5 Be7 10. Bxf6 Bxf6 11. c3 O-O 12. Nc2 Ne7 13. Nxf6+ gxf6 14. Qd2
Bb7 15. Bd3 d5 16. exd5 Qxd5 17. O-O-O Qe6 18. Rhe1 Rfd8 19. Qh6 Ng6 20. Re3
Rac8 21. Rh3 Bxg2 22. Rg3 e4 23. Be2 Bf3 24. Bxf3 exf3 25. Re1 Qf5 26. Qe3 Rd3
27. Qe4 Qxe4 28. Rxe4 Kf8 29. Ne1 f5 30. Rb4 Rd5 31. Nxf3 f4 32. Rg1 Re8 33.
Rd1 Rh5 34. a4 Rh3 35. Nd4 Rxh2 36. f3 h5 37. axb5 axb5 38. Rxb5 h4 39. Rh5 Rb8
40. b4 Rc8 41. Rd3 Re8 42. Rd2 Rh1+ 43. Kb2 Kg7 44. b5 Ree1 45. Kb3 Ne5 46.
Rg2+ Kf8 47. Nf5 Ke8 48. Rd2 Rb1+ 49. Ka4 f6 50. Rh7 Nf7 51. Re2+ Ne5 52. Rd2
Nf7 53. Rxh4 Ra1+ 54. Kb4 Rhb1+ 55. Kc5 Ng5 56. Re2+ Kf7 57. Re7+ Kg6 58. Rxf4
Rh1 59. Rg7+ Kh5 60. Ng3+ Kh6 61. Nf5+ Kh5 62. Ng3+ Kh6 63. Re7 1-0

[Event "XIV Festival Conca della Presolana Magistrale"]
[Site "Bratto - Castione della Presolana ITA"]
[Date "1994.08.27"]
[Round "7"]
[White "Boldini, David"]
[Black "Righi, Ezio"]
[Result "1-0"]
[WhiteElo "1953"]
[BlackElo "2210"]
[PlyCount "65"]
[EventDate "1994.08.21"]

1. d4 Nf6 2. Nf3 e6 3. g3 c5 4. Bg2 cxd4 5. O-O Nc6 6. Nxd4 Be7 7. c4 O-O 8.
Nc3 a6 9. b3 Qc7 10. Bb2 Rb8 11. Rc1 Nxd4 12. Qxd4 Qc5 13. Na4 Qc7 14. c5 Ne8
15. Qe5 f6 16. Qe3 Bd8 17. Rfd1 Rf7 18. Bc3 g5 19. Nb6 Rg7 20. Ba5 Qe5 21. Qxe5
fxe5 22. Bc3 Bxb6 23. cxb6 d6 24. e4 Rd7 25. Bb4 Kf7 26. Rc2 Ke7 27. Rdc1 Kd8
28. Bh3 Re7 29. Bg4 Bd7 30. Bh5 Bc6 31. Bxe8 Rxe8 32. Bxd6 Ra8 33. Rxc6 1-0

[Event "XIV Festival Conca della Presolana Magistrale"]
[Site "Bratto - Castione della Presolana ITA"]
[Date "1994.08.27"]
[Round "7"]
[White "Campini, Marco"]
[Black "Everet, Alexandro"]
[Result "0-1"]
[WhiteElo "2060"]
[BlackElo "1971"]
[PlyCount "114"]
[EventDate "1994.08.21"]

1. e4 c5 2. Nf3 Nc6 3. d4 cxd4 4. Nxd4 e6 5. Nxc6 bxc6 6. c4 Bb4+ 7. Nc3 Bxc3+
8. bxc3 Ne7 9. Qd6 O-O 10. Ba3 Re8 11. Rd1 Ng6 12. Qg3 d5 13. h4 h6 14. h5 Nf8
15. Bc1 Kh8 16. e5 f5 17. Rh3 Qe7 18. Bf4 Rb8 19. Qe3 Rd8 20. Qc1 Bd7 21. Bg3
Qf7 22. Be2 Be8 23. Qa3 Nh7 24. f4 Qf8 25. Qa5 Bf7 26. Bh4 Rd7 27. Bf2 Rdb7 28.
Bc5 Qd8 29. Qa3 Rb1 30. Qa4 Rxd1+ 31. Bxd1 dxc4 32. Bd6 Qb6 33. Qxc4 Rb7 34.
Bb4 Rd7 35. Qc5 Qa6 36. Bb3 Qb7 37. Bc4 a5 38. Qxa5 c5 39. Qxc5 Qe4+ 40. Re3
Qxf4 41. Qc8+ Nf8 42. Rd3 Rxd3 43. Bxd3 Qe3+ 44. Kd1 Qxd3+ 45. Kc1 Bxh5 46.
Qxf8+ Kh7 47. Qd6 Qf1+ 48. Kc2 Qxg2+ 49. Kb3 f4 50. Bc5 Bg6 51. a4 Qc2+ 52. Kb4
Be8 53. Qa6 f3 54. Qa8 Bd7 55. Qa7 Qb2+ 56. Kc4 Bc6 57. Bd4 Bd5+ 0-1

[Event "XIV Festival Conca della Presolana Magistrale"]
[Site "Bratto - Castione della Presolana ITA"]
[Date "1994.08.27"]
[Round "7"]
[White "Caruso, Daniele"]
[Black "Gaido, Paolo"]
[Result "1/2-1/2"]
[WhiteElo "2085"]
[BlackElo "2095"]
[PlyCount "45"]
[EventDate "1994.08.21"]

1. e4 d6 2. d4 Nf6 3. Nc3 g6 4. f4 Bg7 5. Nf3 O-O 6. Bd3 Nc6 7. O-O Bg4 8. Be3
e5 9. dxe5 dxe5 10. h3 exf4 11. Bc5 Bxf3 12. Qxf3 Re8 13. Qxf4 Ne5 14. Rad1 Nh5
15. Qf2 Qf6 16. Nd5 Qxf2+ 17. Rxf2 Nxd3 18. cxd3 b6 19. Be3 Rad8 20. g4 c6 21.
Nc3 Bxc3 22. bxc3 Ng7 23. Rfd2 1/2-1/2

[Event "XIV Festival Conca della Presolana Magistrale"]
[Site "Bratto - Castione della Presolana ITA"]
[Date "1994.08.27"]
[Round "7"]
[White "Cazzaniga, Walter"]
[Black "Cugini, Verter"]
[Result "1/2-1/2"]
[WhiteElo "2180"]
[BlackElo "2260"]
[PlyCount "135"]
[EventDate "1994.08.21"]

1. d4 d6 2. c4 e5 3. Nf3 exd4 4. Nxd4 Nc6 5. Nxc6 bxc6 6. g3 g6 7. Bg2 Bd7 8.
Nc3 Bg7 9. Qc2 Nf6 10. O-O O-O 11. Bg5 Qc8 12. Rfe1 Qa6 13. b3 Qa5 14. Bd2 Qh5
15. Rad1 Rae8 16. Bc1 Re7 17. f3 Bh3 18. e4 Bxg2 19. Kxg2 Rfe8 20. Be3 Qa5 21.
Bd2 Qa6 22. Be3 Qb7 23. Bd4 Nd7 24. Bxg7 Kxg7 25. Qd2 Nc5 26. h4 h5 27. Ne2 Ne6
28. Qc3+ Kg8 29. Qd2 Qa6 30. Nd4 Nxd4 31. Qxd4 Qxa2+ 32. Rd2 Qxb3 33. Re3 Qb4
34. Rb2 c5 35. Qc3 Qxc3 36. Rxc3 f5 37. exf5 gxf5 38. Kf2 Kf7 39. Rd3 Re1 40.
Ra3 Rc1 41. Rxa7 Rxc4 42. Rxc7+ Re7 43. Rc8 Rc3 44. Rd8 Rd3 45. Rh8 Kg6 46.
Rg8+ Rg7 47. Re8 Kf6 48. Rbe2 c4 49. R8e6+ Kf7 50. Re7+ Kg8 51. Re8+ Kh7 52.
Rf8 Rd5 53. Rc8 Rd4 54. Ke3 Rd5 55. Rxc4 Re5+ 56. Kf2 Rxe2+ 57. Kxe2 Rxg3 58.
Rc7+ Rg7 59. Rc6 Rd7 60. Ke3 Kg7 61. Kd4 Kf6 62. Rc8 Ra7 63. Kd5 Ra4 64. Rf8+
Kg6 65. Ke6 Rxh4 66. Rf6+ Kg7 67. Rf7+ Kg8 68. Rxf5 1/2-1/2

[Event "XIV Festival Conca della Presolana Magistrale"]
[Site "Bratto - Castione della Presolana ITA"]
[Date "1994.08.27"]
[Round "7"]
[White "Ciancarini, Paolo"]
[Black "Contin, Daniel"]
[Result "0-1"]
[WhiteElo "1932"]
[BlackElo "2425"]
[PlyCount "122"]
[EventDate "1994.08.21"]

1. e4 e6 2. d4 d5 3. exd5 exd5 4. Bd3 c5 5. dxc5 Bxc5 6. Nf3 Nc6 7. O-O Nge7 8.
Re1 O-O 9. c3 Ng6 10. Be3 Bd6 11. Nbd2 Nf4 12. Bc2 Bg4 13. h3 Bh5 14. Bxf4 Bxf4
15. g4 Bg6 16. Bxg6 fxg6 17. Nb3 Bc7 18. Re6 Bb6 19. Nbd4 Qc7 20. Kg2 Rf4 21.
Rxc6 bxc6 22. Ne6 Qd6 23. Nxf4 Qxf4 24. Qd2 Qxd2 25. Nxd2 Re8 26. Kf1 Rf8 27.
f3 Be3 28. Rd1 Bxd2 29. Rxd2 Rxf3+ 30. Kg2 Re3 31. Rf2 g5 32. Rf3 Re2+ 33. Rf2
Re4 34. Kg3 h6 35. Rf3 Re1 36. Rf2 a5 37. b4 a4 38. Rc2 Re3+ 39. Kg2 Re4 40.
Kf3 Kf7 41. c4 Rf4+ 42. Ke3 dxc4 43. a3 Ke6 44. Rd2 Ke5 45. Rd8 Re4+ 46. Kf3
Rd4 47. Re8+ Kf6 48. Re3 g6 49. Ke2 h5 50. Kf3 Kf7 51. Kg3 Kg7 52. Kf3 Kf6 53.
Rc3 Rf4+ 54. Kg3 Ke5 55. Re3+ Re4 56. Rf3 Rd4 57. Re3+ Kd5 58. Kf3 Rd3 59.
Rxd3+ cxd3 60. Ke3 Kc4 61. Kd2 Kd4 0-1

[Event "XIV Festival Conca della Presolana Magistrale"]
[Site "Bratto - Castione della Presolana ITA"]
[Date "1994.08.27"]
[Round "7"]
[White "Fabbri, Mario"]
[Black "D'Apa, Stefano"]
[Result "1/2-1/2"]
[WhiteElo "2225"]
[BlackElo "2205"]
[PlyCount "77"]
[EventDate "1994.08.21"]

1. d4 Nf6 2. c4 e6 3. Nc3 Bb4 4. a3 Bxc3+ 5. bxc3 c5 6. e3 O-O 7. Bd3 d6 8. e4
e5 9. d5 Nbd7 10. Ne2 Re8 11. f3 Nf8 12. g4 Kh8 13. Bg5 N8d7 14. Ng3 Qc7 15.
Bc2 Ng8 16. Ba4 Qa5 17. O-O f6 18. Bd2 Rd8 19. Bxd7 Bxd7 20. Nf5 Ba4 21. Qe2
Rab8 22. f4 Qc7 23. Ng3 b5 24. f5 bxc4 25. g5 Rb2 26. Rf2 fxg5 27. Qh5 Nf6 28.
Qxg5 Rdb8 29. Raf1 R8b3 30. Nh5 Qf7 31. Nxf6 gxf6 32. Qh4 Rb8 33. h3 Rg8+ 34.
Kh2 Rbb8 35. Bh6 Rb3 36. Rg1 Rxg1 37. Kxg1 Rb8 38. Rg2 Rg8 39. Rxg8+ 1/2-1/2

[Event "XIV Festival Conca della Presolana Magistrale"]
[Site "Bratto - Castione della Presolana ITA"]
[Date "1994.08.27"]
[Round "7"]
[White "Gerundino, Nicola"]
[Black "Oppici, Gabriele"]
[Result "0-1"]
[WhiteElo "1909"]
[BlackElo "2005"]
[PlyCount "62"]
[EventDate "1994.08.21"]

1. e4 d5 2. exd5 Qxd5 3. Nc3 Qa5 4. d4 e5 5. dxe5 Nc6 6. Qd5 Bb4 7. Qxa5 Bxa5
8. Bf4 Nge7 9. O-O-O Bxc3 10. bxc3 O-O 11. Bd3 Be6 12. Nf3 Bd5 13. Rhe1 Bxf3
14. gxf3 Rad8 15. Be3 Rfe8 16. f4 Nd5 17. Kb2 Nce7 18. Be4 a5 19. Bc5 b6 20.
Bxe7 Nxe7 21. Rd3 Rxd3 22. cxd3 Rd8 23. f5 Kf8 24. Kc2 Nd5 25. Bxd5 Rxd5 26. d4
Ke7 27. f4 b5 28. a3 c5 29. Rd1 b4 30. axb4 axb4 31. dxc5 b3+ 0-1

[Event "XIV Festival Conca della Presolana Magistrale"]
[Site "Bratto - Castione della Presolana ITA"]
[Date "1994.08.27"]
[Round "7"]
[White "Moncelli, Giorgio"]
[Black "Perissinotto, Claudio"]
[Result "0-1"]
[WhiteElo "2011"]
[BlackElo "2083"]
[PlyCount "110"]
[EventDate "1994.08.21"]

1. d4 d5 2. c4 e6 3. Nc3 Be7 4. Nf3 Nf6 5. Bf4 O-O 6. e3 c5 7. dxc5 Qa5 8. Nd2
dxc4 9. Nxc4 Qxc5 10. Be2 Nc6 11. O-O b5 12. Bd6 Bxd6 13. Qxd6 Qxd6 14. Nxd6 a6
15. Bf3 Bd7 16. Rac1 Rab8 17. Rfd1 Ne5 18. Be2 Bc6 19. h3 Rfd8 20. f4 Ng6 21.
Bf3 Bxf3 22. gxf3 Kf8 23. Nce4 Nd5 24. f5 exf5 25. Rxd5 fxe4 26. f4 Rd7 27. Rd4
Ne7 28. Rcd1 Rbd8 29. Nxb5 Rxd4 30. Rxd4 Rxd4 31. Nxd4 Nd5 32. Kf2 Nb4 33. Nb3
Nxa2 34. Nc5 Nb4 35. Nxe4 Nd3+ 36. Ke2 Nxb2 37. Nc5 a5 38. Kd2 Ke7 39. Kc2 Nc4
40. Kd3 Nb6 41. e4 f5 42. exf5 Kf6 43. Ne6 Nd5 44. Kc4 Ne3+ 45. Kb5 Nxf5 46.
Ng5 h6 47. Ne4+ Ke6 48. Kxa5 Kd5 49. Nf2 Kd4 50. Kb4 Ke3 51. Ng4+ Kxf4 52. Kc5
Kg3 53. Kd5 Kxh3 54. Nf2+ Kg3 55. Ne4+ Kf4 0-1

[Event "XIV Festival Conca della Presolana Magistrale"]
[Site "Bratto - Castione della Presolana ITA"]
[Date "1994.08.27"]
[Round "7"]
[White "Profumo, Alberto"]
[Black "Marchini, Massimo"]
[Result "0-1"]
[WhiteElo "2106"]
[BlackElo "2175"]
[PlyCount "74"]
[EventDate "1994.08.21"]

1. Nf3 Nf6 2. d4 g6 3. g3 Bg7 4. Bg2 O-O 5. c4 d5 6. cxd5 Nxd5 7. O-O Nc6 8.
Nc3 Nb6 9. d5 Na5 10. e4 c6 11. Be3 cxd5 12. exd5 Nac4 13. Qb3 Nxe3 14. fxe3
Bxc3 15. Qxc3 Nxd5 16. Qd4 Nf6 17. Qf4 Qb6 18. Rad1 Bg4 19. Rd4 a5 20. Ne5 Be6
21. Qh6 Rfd8 22. Rh4 Qxb2 23. Rxf6 exf6 24. Qxh7+ Kf8 25. Qh6+ Ke7 26. Nxg6+
Kd7 27. Rd4+ Kc7 28. Qf4+ Kb6 29. Qe4 Ka7 30. Nf4 Rxd4 31. exd4 Bxa2 32. Qe3
Rd8 33. d5+ Qb6 34. Kf2 a4 35. Ke2 Bc4+ 36. Kd2 Qxe3+ 37. Kxe3 a3 0-1

[Event "XIV Festival Conca della Presolana Magistrale"]
[Site "Bratto - Castione della Presolana ITA"]
[Date "1994.08.27"]
[Round "7"]
[White "Rossi, Giampiero"]
[Black "Imbrogno, Rinaldo"]
[Result "1-0"]
[WhiteElo "2205"]
[BlackElo "1902"]
[PlyCount "71"]
[EventDate "1994.08.21"]

1. d4 Nf6 2. c4 g6 3. g3 Bg7 4. Bg2 O-O 5. Nc3 d6 6. Nf3 c6 7. O-O Nbd7 8. Qc2
e5 9. Rd1 Qc7 10. h3 Re8 11. b3 exd4 12. Nxd4 Nb6 13. Bb2 d5 14. cxd5 cxd5 15.
Rac1 Bd7 16. Nxd5 Nfxd5 17. Qxc7 Nxc7 18. Rxc7 Rab8 19. e3 a5 20. Kh2 a4 21.
Rxb7 axb3 22. axb3 Rxb7 23. Bxb7 Rb8 24. Bf3 Na4 25. Ba1 Nc5 26. Bd5 Bb5 27.
Nxb5 Bxa1 28. Rxa1 Rxb5 29. Ra8+ Kg7 30. Ra7 Nxb3 31. Rxf7+ Kh6 32. Bxb3 Rxb3
33. h4 Rb2 34. Kg2 Ra2 35. Kf3 Ra5 36. Kg4 1-0

[Event "XIV Festival Conca della Presolana Magistrale"]
[Site "Bratto - Castione della Presolana ITA"]
[Date "1994.08.27"]
[Round "7"]
[White "Vivo, Mario"]
[Black "Lanzani, Mario"]
[Result "1/2-1/2"]
[WhiteElo "2164"]
[BlackElo "2320"]
[PlyCount "32"]
[EventDate "1994.08.21"]

1. e4 e5 2. Nf3 Nc6 3. Bb5 f5 4. Nc3 fxe4 5. Nxe4 Nf6 6. Nxf6+ Qxf6 7. Qe2 Be7
8. Bxc6 dxc6 9. Nxe5 O-O 10. O-O Bd6 11. d4 c5 12. Be3 Bxe5 13. dxe5 Qxe5 14.
Qc4+ Be6 15. Qxc5 Qxc5 16. Bxc5 Rfe8 1/2-1/2

[Event "XIV Festival Conca della Presolana Magistrale"]
[Site "Bratto - Castione della Presolana ITA"]
[Date "1994.08.27"]
[Round "7"]
[White "Zoldan, Matteo"]
[Black "Amedeo, Riccardo"]
[Result "1-0"]
[WhiteElo "1900"]
[BlackElo "1876"]
[PlyCount "67"]
[EventDate "1994.08.21"]

1. e4 c5 2. Nf3 e6 3. d4 cxd4 4. Nxd4 Nc6 5. Nb5 d6 6. N1c3 a6 7. Nd4 Nf6 8.
Bg5 Be7 9. Qd2 Qc7 10. O-O-O b5 11. Nxc6 Qxc6 12. f3 b4 13. Ne2 Qc5 14. h4 a5
15. Kb1 e5 16. g4 Be6 17. Ng3 a4 18. Nf5 Bxf5 19. gxf5 b3 20. cxb3 axb3 21. a3
O-O 22. Rc1 Qb6 23. Bc4 d5 24. Bxf6 Bxf6 25. Bxd5 Rab8 26. Rc6 Qd4 27. Qxd4
exd4 28. f4 h6 29. h5 Rfe8 30. Rh3 Rb5 31. Rxb3 Rxb3 32. Bxb3 Rxe4 33. Rc8+ Kh7
34. Bxf7 1-0

[Event "XIV Festival Conca della Presolana Magistrale"]
[Site "Bratto - Castione della Presolana ITA"]
[Date "1994.08.28"]
[Round "8"]
[White "Amedeo, Riccardo"]
[Black "Moncelli, Giorgio"]
[Result "0-1"]
[WhiteElo "1876"]
[BlackElo "2011"]
[PlyCount "50"]
[EventDate "1994.08.21"]

1. e4 c5 2. Nf3 Nc6 3. d4 cxd4 4. Nxd4 g6 5. Nc3 Bg7 6. Be3 Nf6 7. Qd2 Ng4 8.
Nxc6 bxc6 9. Bd4 Nf6 10. e5 Nd5 11. Nxd5 cxd5 12. e6 O-O 13. exf7+ Rxf7 14.
Bxg7 Kxg7 15. Qxd5 Qb6 16. Qxa8 Bb7 17. Qb8 Qxf2+ 18. Kd1 Qd4+ 19. Bd3 Qxb2 20.
Kd2 Rf2+ 21. Ke1 Rxg2 22. Be2 Qxa1+ 23. Kd2 Qd4+ 24. Kc1 Rxe2 25. Qxb7 Qd2+ 0-1

[Event "XIV Festival Conca della Presolana Magistrale"]
[Site "Bratto - Castione della Presolana ITA"]
[Date "1994.08.28"]
[Round "8"]
[White "Bresciani, Nicola"]
[Black "Cugini, Verter"]
[Result "1/2-1/2"]
[WhiteElo "2315"]
[BlackElo "2260"]
[PlyCount "73"]
[EventDate "1994.08.21"]

1. e4 e6 2. d4 d5 3. Nd2 Nf6 4. e5 Ne4 5. Bd3 Nxd2 6. Bxd2 c5 7. dxc5 Nd7 8.
Nf3 Nxc5 9. O-O Be7 10. Re1 Bd7 11. Be3 Nxd3 12. cxd3 O-O 13. Qb3 b6 14. Rac1
Rc8 15. h3 Rxc1 16. Rxc1 Qb8 17. Qc3 Rc8 18. Qd2 Rxc1+ 19. Qxc1 Qc8 20. Qxc8+
Bxc8 21. Bg5 f6 22. Bf4 Ba6 23. d4 f5 24. Bg5 Bf8 25. Bd2 h6 26. Ne1 Kf7 27. f4
Bc4 28. a3 a5 29. Kf2 Ke8 30. g4 g6 31. Nf3 Bd3 32. Nh4 Kf7 33. Ng2 Be7 34. g5
h5 35. Ne3 Bd8 36. Nd1 Ke8 37. Ke3 1/2-1/2

[Event "XIV Festival Conca della Presolana Magistrale"]
[Site "Bratto - Castione della Presolana ITA"]
[Date "1994.08.28"]
[Round "8"]
[White "Everet, Alexandro"]
[Black "Cividali, Emilio"]
[Result "1-0"]
[WhiteElo "1971"]
[BlackElo "1976"]
[PlyCount "91"]
[EventDate "1994.08.21"]

1. e4 c5 2. Nf3 e6 3. Nc3 d6 4. Bb5+ Bd7 5. Bxd7+ Qxd7 6. O-O Nf6 7. d4 cxd4 8.
Nxd4 Be7 9. Be3 Nc6 10. f3 a6 11. Nce2 d5 12. Nxc6 Qxc6 13. e5 Nd7 14. f4 Qc7
15. c3 Nc5 16. Bxc5 Bxc5+ 17. Kh1 g5 18. f5 Qxe5 19. fxe6 Qxe6 20. Nd4 Bxd4 21.
Qxd4 O-O-O 22. Rae1 Qd7 23. Qc5+ Qc6 24. Qa7 Qc7 25. Qa8+ Qb8 26. Qxb8+ Kxb8
27. Rxf7 d4 28. cxd4 Rxd4 29. h3 Rd2 30. b3 Rc8 31. Rxh7 Rxa2 32. Rg7 Rc5 33.
Re8+ Ka7 34. Reg8 Rb2 35. Rxg5 Rxg5 36. Rxg5 Rxb3 37. h4 Rb5 38. Kh2 Kb6 39.
Kh3 a5 40. Rxb5+ Kxb5 41. h5 Kc4 42. h6 Kb3 43. h7 a4 44. h8=Q Ka2 45. Qg8+ Kb2
46. Qg7+ 1-0

[Event "XIV Festival Conca della Presolana Magistrale"]
[Site "Bratto - Castione della Presolana ITA"]
[Date "1994.08.28"]
[Round "8"]
[White "Gaido, Paolo"]
[Black "Ciancarini, Paolo"]
[Result "1-0"]
[WhiteElo "2095"]
[BlackElo "1932"]
[PlyCount "109"]
[EventDate "1994.08.21"]

1. Nf3 d5 2. d4 Nf6 3. c4 c6 4. e3 e6 5. Nc3 Nbd7 6. Bd3 Bd6 7. O-O O-O 8. b3
e5 9. dxe5 Nxe5 10. Nxe5 Bxe5 11. Qc2 d4 12. exd4 Qxd4 13. Bb2 Bxh2+ 14. Kxh2
Qh4+ 15. Kg1 Ng4 16. Rfe1 Bd7 17. Ne4 f5 18. Ng3 f4 19. Nf1 f3 20. Be4 fxg2 21.
Bxg2 Nxf2 22. Qc3 Rf6 23. Re3 Raf8 24. Rg3 Bh3 25. Bxh3 Nxh3+ 26. Rxh3 Qf2+ 27.
Kh1 Rg6 28. Ng3 Rf3 29. Rf1 Rgxg3 30. Qxf3 Rxf3 31. Rxf2 Rxf2 32. Rh2 Rf5 33.
Rg2 Rf1+ 34. Kh2 g6 35. Rd2 Kf7 36. Bd4 a6 37. Rf2+ Rxf2+ 38. Bxf2 Ke6 39. Kg3
Kf5 40. Kf3 h5 41. Bb6 g5 42. Bd8 b5 43. c5 h4 44. Be7 g4+ 45. Kg2 h3+ 46. Kg3
a5 47. Bd6 Kg5 48. a4 bxa4 49. bxa4 Kf5 50. Bc7 Ke4 51. Bxa5 Kd4 52. Bb4 Kc4
53. Ba3 Kd3 54. a5 Ke2 55. Bb2 1-0